Secure web service transportation system for HL7 version 3 messages (Record no. 10499)

000 -LEADER
fixed length control field 00493 a2200121 4500
082 ## - DEWEY DECIMAL CLASSIFICATION NUMBER
Classification number MSIT-8
100 ## - MAIN ENTRY--PERSONAL NAME
Personal name Somia Razzaq
9 (RLIN) 108613
245 ## - TITLE STATEMENT
Title Secure web service transportation system for HL7 version 3 messages
Statement of responsibility, etc. Somia Razzaq
260 ## - PUBLICATION, DISTRIBUTION, ETC.
Place of publication, distribution, etc. Islamabad
Name of publisher, distributor, etc. NUST School of Electrical Engineering and Computer Science
Date of publication, distribution, etc. 2011.
300 ## - PHYSICAL DESCRIPTION
Extent 141p.
Other physical details :ill.
Dimensions ;27cm.+
Accompanying material CD-ROM
500 ## - GENERAL NOTE
General note Supervisors: Dr. Hafiz Farooq Ahmad, Dr. Fauzan Mirza, Dr. Amir Hayat, Ms. Samin Khaliq
942 ## - ADDED ENTRY ELEMENTS (KOHA)
Koha item type Project Report
Call number prefix MSIT-8 SOM
Source of classification or shelving scheme
Holdings
Withdrawn status Lost status Damaged status Not for loan Permanent Location Current Location Total Checkouts Full call number Barcode Date last seen Price effective from Koha item type
        Central Library (CL) Central Library (CL)   MSIT-8 SOM SEECSP00958 11/14/2012 11/14/2012 Project Report
© 2023 Central Library, National University of Sciences and Technology. All Rights Reserved.